[Event "FRA-ch Seniors"]
[Site "Nancy"]
[Date "2013.08.14"]
[Round "3"]
[White "Audiffren, Roger"]
[Black "Coussot, Jean Claude"]
[Result "1/2-1/2"]
[WhiteElo "1971"]
[BlackElo "1811"]
[PlyCount "92"]
[EventDate "2013.08.11"]
[EventType "swiss"]
[EventRounds "11"]
[EventCountry "FRA"]
[SourceTitle "CBM 156 Extra"]
[Source "ChessBase"]
[SourceDate "2013.10.22"]
[SourceVersion "1"]
[SourceVersionDate "2013.10.22"]
[SourceQuality "1"]

1. d4 d5 2. Nf3 Nf6 3. e3 c6 4. b3 Ne4 5. Bb2 Bg4 6. Be2 Nd7 7. h3 Bh5 8. 0-0 e6 9. a3 Bd6 10. Nbd2 Ndf6 11. c4 0-0 12. c5 Bc7 13. b4 a6 14. Ne5 Bxe2 15. Qxe2 Nxd2 16. Qxd2 Ne4 17. Qc2 f5 18. Rfe1 Qg5 19. f3 Ng3 20. f4 Qh5 21. Kh2 Ne4 22. Rg1 Rf6 23. g4 fxg4 24. Rxg4 Bxe5 25. dxe5 Rh6 26. Qg2 g6 27. Rg1 Rf8 28. Rf1 Rf5 29. Bc1 Kf7 30. Rf3 Kf8 31. Kg1 g5 32. Bd2 Qf7 33. Be1 gxf4 34. exf4 Rg6 35. Bg3 h5 36. Rxg6 Qxg6 37. Bh2 Qxg2+ 38. Kxg2 Rf7 39. Rd3 Rg7+ 40. Kf3 Ke7 41. Rd1 Kf7 42. a4 Nc3 43. Ra1 Kg6 44. Rg1+ Kf7 45. Ra1 Kg6 46. Bg1 Kf7 1/2-1/2

[Event "Cergy Pontoise op 2nd"]
[Site "Cergy Pontoise"]
[Date "2004.05.15"]
[Round "3"]
[White "Bonnin, Bruno"]
[Black "Coussot, Jean Claude"]
[Result "1/2-1/2"]
[WhiteElo "1986"]
[BlackElo "1770"]
[PlyCount "88"]
[EventDate "2004.05.15"]
[EventType "swiss"]
[EventRounds "10"]
[EventCountry "FRA"]
[SourceTitle "CBM 100 Extra"]
[Source "ChessBase"]
[SourceDate "2004.07.06"]
[SourceVersion "2"]
[SourceVersionDate "2004.07.06"]
[SourceQuality "1"]

1. g3 g6 2. Nf3 Bg7 3. Bg2 Nf6 4. d3 d6 5. Nbd2 c6 6. e4 e5 7. 0-0 0-0 8. Qe2 b5 9. Re1 Qc7 10. Nf1 a5 11. h4 Nbd7 12. N1h2 h5 13. Ng5 Nh7 14. f4 exf4 15. gxf4 Nxg5 16. hxg5 Bb7 17. c3 Rae8 18. Be3 c5 19. Nf3 b4 20. Rac1 Qb8 21. Rc2 Ba6 22. Nh4 b3 23. axb3 Qxb3 24. Bf3 a4 25. Bc1 Qb6 26. Qd1 Bb7 27. Rh2 Bc6 28. Bxh5 Bxe4 29. dxe4 gxh5 30. Qxh5 d5 31. f5 Rxe4 32. Rxe4 dxe4 33. Ng6 c4+ 34. Kh1 fxg6 35. Qh7+ Kf7 36. fxg6+ Ke6 37. Qh3+ Ke7 38. Be3 Qe6 39. Qh7 Qg4 40. Qxg7+ Ke6 41. Rg2 Rf1+ 42. Bg1 Qh3+ 43. Rh2 Qf3+ 44. Rg2 Qh3+ 1/2-1/2